ڿϢ |
| 索取号 |
D6/GGZH
|
| 题名 |
ĸ֮
|
| 作者 |
־
|
| 分册号 |
|
| 分册名 |
|
| 出版地 |
|
| 出版者 |
־
|
| 标准刊号 |
|
| 出版频率 |
¿
|
| 中图法分类 |
F121
|
| 主题词 |
й
|
| 电子资源 | |
| |
|
| 000 | 01160nas002200361 45 | |
| 001 | 1196050173 | |
| 005 | 20070422100433.85 | |
| 011 | @d3.80(1996) | |
| 091 | @aCN@b21-1026 | |
| 092 | @aCN@b8-194 | |
| 100 | @a19960104a19849999m y0chiy0121 eb | |
| 101 | 0 | @achi |
| 102 | @aCN@b210000 | |
| 110 | @aafazz 0yu0 | |
| 200 | 10 | @aĸ֮@AGAI GE ZHI SHENG@f־@FGAI ZA ZHI SHE |
| 207 | 0 | @a1984,no.1(1984,1)1986,no.6(1986,6)=[130];1986,no.7(1986,7)=31 |
| 210 | @a@bʡкƽƽϴ45@c־@d1984 | |
| 215 | @d26cm | |
| 300 | @a1984и:ժ | |
| 300 | @a1987ǰйʡίԱ־ | |
| 326 | @a¿ | |
| 327 | 0 | @aĸ@aĸĻ@aĸ̳@aҵ̳@aҵר |
| 540 | 1 | @aĸ@AGAI GE |
| 541 | 1 | @aThe voice of reformation@zeng |
| 606 | 0 | @a@xй |
| 610 | 0 | @aĸ@a@a@aй |
| 676 | @a330.951@v19 | |
| 690 | @aF121@v1990 | |
| 690 | @aD6@v4 | |
| 701 | 0 | @a˼@ACUI KE JIAN@4ܱ༭ |
| 711 | 02 | @aʡƸĸίԱ@ALIAO NING SHENG JING JI TI ZHI GAI GE WEI YUAN HUI@4 |
| 801 | 0 | @aCN@bPFT@c20070422 |
| 905 | @a1@cQ@dD6@eGGZH | |
| ĸ֮/־.-1984,no.1(1984,1)1986,no.6(1986,6)=[130];1986,no.7(1986,7)=31.-(ʡкƽƽϴ45)־磬1984 |
| 26cm |
| 1984и:ժ.-1987ǰйʡίԱ־ |
| ݣĸĸĻ㣻ĸ̳ҵ̳ҵר |
| 3.80(1996) |
| ● |
| 相关链接: |
|
|
|
|